| 000 | 00524nam a2200181 a 4500 | ||
|---|---|---|---|
| 005 | 20140310183503.0 | ||
| 008 | 100921s19uu xx 00 eng d | ||
| 020 | _a0451154681 | ||
| 050 |
_aHV 6248 _b.T164 1987 |
||
| 100 | _aTanebaum, Robert K. | ||
| 245 |
_aThe piano teacher : _bthe true story of a psychotic killer / _cRobert K. Tanebaum. |
||
| 260 |
_aNew York : _bNAl Penguin, Inc., _c1987. |
||
| 300 |
_a301 p. : _c18 cm. |
||
| 650 | _aFiction | ||
| 700 | _aPeter Greenberg | ||
| 942 |
_cBK _2lcc |
||
| 999 |
_c23974 _d23974 |
||